00479nam a2200181 a 4500001001300000003000900013005001700022008004100039020002300080082001500103100001800118245005000136260003600186300000900222500003500231650001300266700001800279nice12345678IN_TiNIC20260116014801.0091026s2008 dela grp 000 0 eng  a9788179927861c22500a294.3bOKA aOkawa, Ryutho aEssence of Buddhab The Path to Enlightenment aDelhi bJaico Pub. House c2008 a201p aincludes index and biblioraphy aBuddhism1 aOkawa, Ryutho